Two mothers and other stories (Record no. 16719)

MARC details
000 -LEADER
fixed length control field 00450nam a2200169Ia 4500
008 - FIXED-LENGTH DATA ELEMENTS--GENERAL INFORMATION
fixed length control field 230917s9999||||xx |||||||||||||| ||und||
020 ## - ISBN
Price RS295
040 ## - CATALOGING SOURCE
-- 229374
Original cataloging agency VIVEKANANDA LIBRARY
041 ## - Language
-- English
082 ## - DDC NUMBER
Classification number 823.08 M726T
100 ## - MAIN ENTRY--PERSONAL NAME
Personal name Mohamed, Khalid
245 #0 - TITLE STATEMENT
Title Two mothers and other stories
260 ## - PUBLICATION, DISTRIBUTION, ETC. (IMPRINT)
Place of publication, distribution, etc Noida
Name of publisher, distributor, etc Om Books International
Date of publication, distribution, etc 2012
300 ## - PHYSICAL DESCRIPTION
Pages 264 p.
500 ## - GENERAL NOTE
General note 2191 03/12/2015 HBD15/1190 16/12/2015 Main Budget
942 ## - ADDED ENTRY ELEMENTS (KOHA)
Koha item type Books
Holdings
Withdrawn status Lost status Damaged status Not for loan Location (home branch) Sublocation or collection (holding branch) Date acquired Koha issues (times borrowed) Koha full call number Accession No. Koha date last seen Koha item type
        VIVEKANANDA LIBRARY VIVEKANANDA LIBRARY 10/02/2016 1 823.08 M726T 351056 28/01/2026 Books
© Designed and Maintained by Vivekananda Library, MDU Rohtak